| 000 | 00561 a2200253 4500 | ||
|---|---|---|---|
| 260 | _bInternational Dietary Energy Consultative Group | ||
| 245 | _aEnergy and protein requirements | ||
| 300 | _a197p. | ||
| 260 | _aLondon | ||
| 650 | _anutrition | ||
| 650 | _aprotéine | ||
| 650 | _aacide aminé | ||
| 650 | _aenfant | ||
| 650 | _aadulte | ||
| 260 | _c1994 | ||
| 300 | _bill. | ||
| 130 | _lEn | ||
| 100 | _aSCRIMSHAW, Nevin | ||
| 700 | 1 | _aWATERLOW, John | |
| 700 | 1 | _aSCHURCH, Beat | |
| 440 | _x0954-3007 | ||
| 999 |
_c20674 _d20674 |
||